[Event "St Petersburg Korchnoi Memorial op"]
[Site "St Petersburg"]
[Date "2024.08.18"]
[Round "4"]
[White "Satanovskaia, Evgeniia"]
[Black "Khiryaev, Adam"]
[Result "1-0"]
[WhiteElo "2034"]
[BlackElo "1818"]
[PlyCount "89"]
[EventDate "2024.08.17"]
[EventType "swiss"]
[EventRounds "9"]
[EventCountry "RUS"]
[SourceTitle "CB35_2024"]
[SourceDate "2024.08.28"]
[SourceVersion "1"]
[SourceVersionDate "2024.08.28"]
[SourceQuality "1"]

1. d4 d5 2. Nf3 Nf6 3. c4 dxc4 4. e3 e6 5. Bxc4 c5 6. 0-0 a6 7. dxc5 Bxc5 8. Qe2 b5 9. Bd3 Nbd7 10. a4 bxa4 11. Rxa4 a5 12. Rh4 Bd6 13. e4 e5 14. Nc3 0-0 15. Rd1 Nc5 16. Bc2 Ba6 17. Qe1 Qb8 18. g4 Rd8 19. g5 Nfd7 20. Rg4 Nf8 21. h4 Nfe6 22. Nd5 Nb3 23. Be3 Ned4 24. Bxd4 Nxd4 25. Nxd4 exd4 26. e5 Bxe5 27. Ne7+ Kh8 28. Be4 Qd6 29. Nf5 Qe6 30. Bxa8 Rxa8 31. Qe4 Re8 32. Nxd4 Qb6 33. Qf3 Qc7 34. Nc6 Bh2+ 35. Kg2 Bd6 36. Re4 Rc8 37. Red4 Be7 38. Rd7 Qb6 39. Rxe7 Bb7 40. Rxb7 Qxb7 41. Rd8+ Rxd8 42. Nxd8 Qd7 43. Nxf7+ Kg8 44. Ne5 Qd8 45. Qb3+ 1-0